000 00953nam a2200265 a 4500
001 000018588
005 20200929165828.0
008 100511s1987 sp a 000 d spa d
020 _a8420727776
040 _aDO-SdBNP
_bspa
_cBNPHU
082 _a862.3
_bC146alc
100 1 _aCalderón de la Barca, Pedro,
_d1600-1681
_95547
245 1 3 _aEl alcalde de Zalamea /
_cP. Calderón de la Barca ; edición, introducción, notas, comentarios y apéndice de José Enrique Martínez.
260 _aMadrid :
_bAnaya,
_b1987.
300 _a165, [3] p. :
_bil. ;
_c19cm.
490 1 _aBiblioteca didáctica Anaya
_v22
500 _aIncluye notas al pie de las páginas.
650 4 _aTeatro español
_93071
650 4 _aLiteratura española
_xCrítica e interpretación
_94054
700 1 _aMartínez, José Enrique,
_eed.
_940191
830 0 _aBiblioteca didáctica Anaya ;
_v22
_98965
910 _aCatalogación original
910 _aWM
049 _aBNGR
999 _c18108
_d18108